000 00690nam a22002297a 4500
005 20170124110212.0
010 _aA-409651
020 _a8170412919
_c200.00
035 _aA-409651
037 _bCen Lib/Ret
040 _aDPL
_bEN
082 _a020.3
_bDIC
245 _aDictionary of library science /
_cedited by R. N. Chopra
246 _b
260 _bAnmol Publications
_c1990
_aNew Delhi
270 _a4378/4B, Gali Murari Lal, Ansari Road
_bNew Delhi
_e110002
300 _a375p.
_c22cm(Hb)
650 _aLibrary Sciences -- Dictionaries
_938370
650 _aLibrary Sciences
_938371
700 _aChopra, R. N.
_938372
942 _2ddc
_cEN
_h020.3
_mDIC
999 _c133593
_d133593